[Event "Skakligaen 2023-24"]
[Site "Denmark"]
[Date "2024.01.27"]
[Round "5.1"]
[Board "1"]
[White "Brunello, Sabino"]
[Black "Rasmussen, Allan Stig"]
[Result "0-1"]
[WhiteElo "2512"]
[BlackElo "2500"]
[PlyCount "62"]
[WhiteTeam "Koge"]
[BlackTeam "Frem"]
[EventDate "2023.10.28"]
[EventType "team-tourn"]
[EventRounds "9"]
[EventCountry "DEN"]
[SourceTitle "Live v. Kasper Jerwiarz"]
[Table "1"]

1. c4 e5 2. e3 d6 3. d4 Be7 4. Nc3 f5 5. Bd3 Nf6 
6. Nge2 c6 7. f3 O-O 8. Bd2 Na6 9. a3 Nc7 10. Qc2 g6 
11. O-O-O Be6 12. h3 b5 13. cxb5 cxb5 14. g4 b4 15. axb4 Ncd5 
16. Nxd5 Nxd5 17. Kb1 fxg4 18. fxg4 Qe8 19. b5 Rc8 20. Qa4 Nb6 
21. Qa6 Bd5 22. e4 Bb3 23. Rdf1 d5 24. Nc1 dxe4 25. Bxe4 Bc4 
26. Rxf8+ Bxf8 27. Re1 Qd7 28. Qb7 Qxb5 29. dxe5 Rd8 30. e6 Bg7 
31. Qf7+ Kh8 0-1

[Event "Skakligaen 2023-24"]
[Site "Denmark"]
[Date "2024.01.27"]
[Round "5.2"]
[Board "2"]
[White "Hansen, Mads"]
[Black "Pantzar, Milton"]
[Result "0-1"]
[WhiteElo "2398"]
[BlackElo "2461"]
[PlyCount "80"]
[WhiteTeam "Frem"]
[BlackTeam "Koge"]
[EventDate "2023.10.28"]
[EventType "team-tourn"]
[EventRounds "9"]
[EventCountry "DEN"]
[SourceTitle "Live v. Kasper Jerwiarz"]
[Table "2"]

1. d4 d5 2. c4 e6 3. Nf3 Nf6 4. g3 Be7 5. Bg2 O-O 
6. O-O c6 7. Qc2 b6 8. b3 Nbd7 9. Nc3 Ba6 10. e4 dxc4 
11. Re1 h6 12. Bd2 Re8 13. Qb1 e5 14. d5 cxd5 15. exd5 Bc5 
16. Qf5 g6 17. Qc2 Bf8 18. Nh4 Bg7 19. b4 e4 20. Rad1 Ne5 
21. Nxe4 Nd3 22. Nxf6+ Qxf6 23. Rxe8+ Rxe8 24. Be3 Qb2 25. Qa4 Rxe3 
26. fxe3 Qf2+ 27. Kh1 Qxe3 28. Rf1 Nf2+ 29. Rxf2 Qxf2 30. Nf3 Qe2 
31. h4 c3 32. Ng1 Qd3 33. Qe8+ Bf8 34. Be4 Qxg3 35. h5 Qh4+ 
36. Kg2 Qxh5 37. Nf3 Qg4+ 38. Kf2 Bb5 39. Qxb5 Qxe4 40. Qd7 c2 
0-1

[Event "Skakligaen 2023-24"]
[Site "Denmark"]
[Date "2024.01.27"]
[Round "5.3"]
[Board "3"]
[White "Smith, Axel"]
[Black "Dyrgaard, Kristoffer"]
[Result "1-0"]
[WhiteElo "2421"]
[BlackElo "2251"]
[PlyCount "129"]
[WhiteTeam "Koge"]
[BlackTeam "Frem"]
[EventDate "2023.10.28"]
[EventType "team-tourn"]
[EventRounds "9"]
[EventCountry "DEN"]
[SourceTitle "Live v. Kasper Jerwiarz"]
[Table "3"]

1. c4 e5 2. Nc3 Nc6 3. Nf3 f5 4. g3 Nf6 5. d4 e4 
6. Nh4 d5 7. Bg5 Bb4 8. cxd5 Qxd5 9. Bxf6 gxf6 10. e3 f4 
11. gxf4 Rg8 12. f5 Rg5 13. a3 Bxc3+ 14. bxc3 Na5 15. Qc2 Rg4 
16. Ng2 Bxf5 17. h3 Rg7 18. Nf4 Qd7 19. Rb1 a6 20. Nh5 Rf7 
21. Ng3 Bg6 22. h4 h6 23. h5 Bh7 24. Rh4 f5 25. Rf4 b5 
26. c4 Qc6 27. c5 Qd5 28. Qc3 Nb7 29. Be2 Nd8 30. Bd1 Ne6 
31. Bb3 Nxf4 32. Bxd5 Nxd5 33. Qb3 c6 34. a4 f4 35. exf4 Rxf4 
36. Ra1 Rf3 37. Qd1 b4 38. Ra2 Kd7 39. Rd2 Nc3 40. Qc2 Raf8 
41. Nf1 Bf5 42. Qb3 Nd5 43. Qc4 Bh3 44. Qxa6 R8f6 45. Qb7+ Kd8 
46. Qb8+ Bc8 47. Re2 Ra3 48. Ng3 Nc3 49. Nxe4 Ra1+ 50. Kd2 Ra2+ 
51. Kd3 Nxe4 52. Rxa2 Nc3 53. Re2 Nxe2 54. Kxe2 Kd7 55. Qxb4 Ba6+ 
56. Ke3 Re6+ 57. Kf4 Rf6+ 58. Kg3 Be2 59. a5 Rf3+ 60. Kg2 Rf5 
61. Qb7+ Kd8 62. f4 Bc4 63. a6 Bd5+ 64. Kg3 Rf7 65. Qxf7 1-0

[Event "Skakligaen 2023-24"]
[Site "Denmark"]
[Date "2024.01.27"]
[Round "5.4"]
[Board "4"]
[White "Ostergreen Johansen, Torben"]
[Black "Ahlander, Bjorn"]
[Result "0-1"]
[WhiteElo "2160"]
[BlackElo "2379"]
[PlyCount "182"]
[WhiteTeam "Frem"]
[BlackTeam "Koge"]
[EventDate "2023.10.28"]
[EventType "team-tourn"]
[EventRounds "9"]
[EventCountry "DEN"]
[SourceTitle "Live v. Kasper Jerwiarz"]
[Table "4"]

1. d4 Nf6 2. Bf4 e6 3. e3 c5 4. Nf3 Nc6 5. Nbd2 d5 
6. c3 Bd6 7. Bg3 O-O 8. Bd3 b6 9. e4 Be7 10. e5 Nh5 
11. a3 Bd7 12. b4 g6 13. O-O Nxg3 14. hxg3 f5 15. exf6 Bxf6 
16. b5 Ne7 17. Re1 Qc7 18. Ne5 Rae8 19. a4 Nc8 20. Ndf3 Nd6 
21. Qe2 Bc8 22. Rac1 Bb7 23. Ng4 Bg7 24. Nge5 Ne4 25. Bxe4 dxe4 
26. Nd2 Bxe5 27. dxe5 Qxe5 28. Nxe4 Rd8 29. Nd2 Qf5 30. Nc4 Kg7 
31. Qe5+ Qxe5 32. Rxe5 Rd3 33. Re3 Rfd8 34. Rxd3 Rxd3 35. Kf1 Bd5 
36. Ne5 Rd2 37. c4 Be4 38. a5 Kf6 39. Nc6 Bxc6 40. bxc6 Rd6 
41. axb6 axb6 42. c7 Rc6 43. Rb1 Ke5 44. Rxb6 Rxc7 45. Ke2 Ra7 
46. Rc6 Kd4 47. Rxe6 Kxc4 48. Re8 Kb3 49. Rb8+ Kc3 50. g4 c4 
51. f4 Rf7 52. g3 Kc2 53. Rc8 c3 54. Ke3 Re7+ 55. Kd4 Kd2 
56. f5 c2 57. f6 Re8 58. Rxe8 c1=Q 59. Re6 Qc7 60. g5 Qd7+ 
61. Ke5 Ke3 62. Re7 Qf5+ 63. Kd6+ Kf3 64. Rxh7 Kg4 65. f7 Kxg5 
66. Ke7 Qc5+ 67. Ke8 Qe5+ 68. Kd7 Qd4+ 69. Ke7 Qe3+ 70. Kd7 Qd3+ 
71. Ke7 Qa3+ 72. Ke8 Qa4+ 73. Ke7 Qb4+ 74. Ke8 Qb5+ 75. Ke7 Qc5+ 
76. Ke8 Qc8+ 77. Ke7 Qc7+ 78. Ke8 Kg4 79. f8=Q Qxh7 80. Qf4+ Kh3 
81. Kf8 Qh5 82. Kg7 g5 83. Qe3 g4 84. Kf6 Qd5 85. Qe1 Qf3+ 
86. Kg5 Qd5+ 87. Kg6 Kg2 88. Qe3 Qf3 89. Qd2+ Kxg3 90. Kh5 Qf5+ 
91. Kh6 Qf4+ 0-1

[Event "Skakligaen 2023-24"]
[Site "Denmark"]
[Date "2024.01.27"]
[Round "5.5"]
[Board "5"]
[White "Istvanovszki, Martin"]
[Black "Le Besq, Alexander"]
[Result "1/2-1/2"]
[WhiteElo "2330"]
[BlackElo "2200"]
[PlyCount "69"]
[WhiteTeam "Koge"]
[BlackTeam "Frem"]
[EventDate "2023.10.28"]
[EventType "team-tourn"]
[EventRounds "9"]
[EventCountry "DEN"]
[SourceTitle "Live v. Kasper Jerwiarz"]
[Table "5"]

1. d4 Nf6 2. Nc3 d5 3. Bf4 a6 4. e3 b5 5. h4 h6 
6. Nf3 e6 7. Ne5 Bb7 8. Qf3 Nbd7 9. Bd3 Nxe5 10. Bxe5 Nd7 
11. Bf4 c5 12. Qg3 c4 13. Be2 b4 14. Na4 Bc6 15. Bc7 Qe7 
16. Nb6 Nxb6 17. Bxb6 Qd6 18. f4 Ba4 19. Bc5 Qc7 20. Bxf8 Kxf8 
21. Bd1 Rg8 22. h5 Bb5 23. a4 Bd7 24. O-O f5 25. Qh4 Qd8 
26. Qxd8+ Rxd8 27. a5 Ke7 28. Kf2 Rdf8 29. Rg1 Rf6 30. Bf3 Kd6 
31. Be2 Kc7 32. b3 cxb3 33. cxb3 Kb7 34. Rac1 Rff8 35. Rc5 1/2-1/2

[Event "Skakligaen 2023-24"]
[Site "Denmark"]
[Date "2024.01.27"]
[Round "5.6"]
[Board "6"]
[White "Wilbrandt, Simon Pil"]
[Black "Meskenas, Paulius"]
[Result "0-1"]
[WhiteElo "2122"]
[BlackElo "2202"]
[PlyCount "82"]
[WhiteTeam "Frem"]
[BlackTeam "Koge"]
[EventDate "2023.10.28"]
[EventType "team-tourn"]
[EventRounds "9"]
[EventCountry "DEN"]
[SourceTitle "Live v. Kasper Jerwiarz"]
[Table "6"]

1. d4 Nf6 2. c4 g6 3. h4 c5 4. d5 e5 5. Nc3 d6 
6. e4 h6 7. Be2 Qd7 8. Qd3 Rg8 9. f4 Ng4 10. Nf3 f5 
11. fxe5 dxe5 12. h5 gxh5 13. exf5 Qf7 14. Nh4 Be7 15. Ne4 Na6 
16. Bd2 Bd7 17. Bxg4 Rxg4 18. f6 Bf8 19. O-O-O O-O-O 20. Bc3 Re8 
21. Rde1 Kb8 22. Qf3 Ka8 23. g3 b5 24. b3 bxc4 25. bxc4 Rb8 
26. Rh2 Ba4 27. Ree2 Qh7 28. Nf5 Qg6 29. Rb2 Bd7 30. Rxb8+ Nxb8 
31. Rf2 Bxf5 32. Nxc5 Bxc5 33. d6+ Be4 34. f7 Bxf3 35. f8=Q Bxf2 
36. Qxf3+ e4 37. Qxf2 Qxd6 38. Qf5 Rxg3 39. Be5 Rg1+ 40. Kb2 Qd3 
41. Bc3 Rb1+ 0-1

[Event "Skakligaen 2023-24"]
[Site "Denmark"]
[Date "2024.01.27"]
[Round "5.7"]
[Board "7"]
[White "Jorgensen, Brian"]
[Black "Wiecker, Stefan"]
[Result "0-1"]
[WhiteElo "2280"]
[BlackElo "2122"]
[PlyCount "82"]
[WhiteTeam "Koge"]
[BlackTeam "Frem"]
[EventDate "2023.10.28"]
[EventType "team-tourn"]
[EventRounds "9"]
[EventCountry "DEN"]
[SourceTitle "Live v. Kasper Jerwiarz"]
[Table "7"]

1. d4 Nf6 2. c4 g6 3. Nc3 Bg7 4. e4 d6 5. f4 O-O 
6. Nf3 Nfd7 7. Be2 e5 8. O-O Nc6 9. fxe5 dxe5 10. d5 Nd4 
11. Be3 c5 12. dxc6 Nxe2+ 13. Qxe2 bxc6 14. Rad1 Qe7 15. Qd2 Nb6 
16. b3 Bg4 17. Qd6 Qb7 18. Kh1 Rfe8 19. Qb4 Qc8 20. Rd2 Nd7 
21. h3 Be6 22. Ng5 Nf8 23. Rdf2 f6 24. Nxe6 Nxe6 25. Qa5 Rf8 
26. Bc5 Rf7 27. Bd6 Nf4 28. Rf3 Rd7 29. c5 Bf8 30. Qb4 Kh8 
31. Rd1 Qd8 32. Kh2 Rc8 33. g3 Bxd6 34. cxd6 Ne6 35. Rdf1 Rf7 
36. Rd1 Nd4 37. Rfd3 Rd7 38. Rxd4 c5 39. Qa4 cxd4 40. Nd5 Rxd6 
41. Qxa7 Rc2+ 0-1

[Event "Skakligaen 2023-24"]
[Site "Denmark"]
[Date "2024.01.27"]
[Round "5.8"]
[Board "8"]
[White "Ostergreen Johansen, Benjamin"]
[Black "Nord, Alexander"]
[Result "0-1"]
[WhiteElo "1964"]
[BlackElo "2209"]
[PlyCount "104"]
[WhiteTeam "Frem"]
[BlackTeam "Koge"]
[EventDate "2023.10.28"]
[EventType "team-tourn"]
[EventRounds "9"]
[EventCountry "DEN"]
[SourceTitle "Live v. Kasper Jerwiarz"]
[Table "8"]

1. e4 c5 2. Nf3 d6 3. d4 cxd4 4. Nxd4 Nf6 5. Nc3 a6 
6. Be3 e5 7. Nf3 Be7 8. Bc4 O-O 9. O-O Be6 10. Bxe6 fxe6 
11. Na4 Ng4 12. Qd3 Nd7 13. Qb3 Nxe3 14. Qxe6+ Kh8 15. fxe3 Rc8 
16. Nc3 Nb6 17. Qb3 Qc7 18. Rad1 Qc5 19. Rd3 Rf6 20. Nd5 Nxd5 
21. exd5 Qxc2 22. Qxc2 Rxc2 23. Rb3 b5 24. a4 Rc5 25. axb5 axb5 
26. Ra3 Rxd5 27. Ra7 Bf8 28. Ng5 Kg8 29. Ra8 Rxf1+ 30. Kxf1 e4 
31. Ne6 Rf5+ 32. Ke2 Rf6 33. Rxf8+ Rxf8 34. Nxf8 Kxf8 35. Kd2 Ke7 
36. Kc3 d5 37. Kd4 Kd6 38. b4 g5 39. g4 h6 40. h3 Ke6 
41. Kc5 Ke5 42. Kxb5 d4 43. exd4+ Kxd4 44. Kc6 e3 45. b5 e2 
46. b6 e1=Q 47. Kc7 Qe5+ 48. Kc8 Qc5+ 49. Kb7 Kc4 50. Ka8 Qxb6 
51. h4 Qc6+ 52. Kb8 Qd7 0-1

[Event "Skakligaen 2023-24"]
[Site "Denmark"]
[Date "2024.01.27"]
[Round "5.1"]
[Board "1"]
[White "Chatalbashev, Boris"]
[Black "Hector, Jonny"]
[Result "1-0"]
[WhiteElo "2457"]
[BlackElo "2446"]
[PlyCount "87"]
[WhiteTeam "Fredericia"]
[BlackTeam "Nordkalotten"]
[EventDate "2023.10.28"]
[EventType "team-tourn"]
[EventRounds "9"]
[EventCountry "DEN"]
[SourceTitle "Live v. Kasper Jerwiarz"]
[Table "1"]

1. d4 d5 2. c4 c6 3. Nf3 Nf6 4. g3 Bf5 5. Nc3 e6 
6. Nh4 dxc4 7. Nxf5 exf5 8. e3 Bd6 9. Bxc4 O-O 10. O-O Nbd7 
11. f3 Re8 12. Qb3 Re7 13. Bd3 g6 14. e4 Nc5 15. dxc5 Bxc5+ 
16. Kg2 Qxd3 17. Bg5 Qd6 18. Rad1 Qe5 19. Rfe1 Rae8 20. f4 Qe6 
21. e5 Ng4 22. Bxe7 Qxe7 23. Rd3 b5 24. h3 Nf2 25. Rf3 b4 
26. Na4 Ne4 27. Rd1 Bb6 28. Rfd3 Nc5 29. Nxc5 Qxc5 30. R3d2 Re6 
31. Qc2 Qf8 32. Rd6 c5 33. Qc4 Qc8 34. b3 Re7 35. R1d2 Kg7 
36. h4 Kf8 37. Qd5 Ke8 38. h5 Re6 39. h6 g5 40. fxg5 f4 
41. Rxe6+ fxe6 42. Qe4 fxg3 43. g6 c4 44. gxh7 1-0

[Event "Skakligaen 2023-24"]
[Site "Denmark"]
[Date "2024.01.27"]
[Round "5.2"]
[Board "2"]
[White "Brynell, Stellan"]
[Black "Fries Nielsen, Jens Ove"]
[Result "1/2-1/2"]
[WhiteElo "2409"]
[BlackElo "2375"]
[PlyCount "210"]
[WhiteTeam "Nordkalotten"]
[BlackTeam "Fredericia"]
[EventDate "2023.10.28"]
[EventType "team-tourn"]
[EventRounds "9"]
[EventCountry "DEN"]
[SourceTitle "Live v. Kasper Jerwiarz"]
[Table "2"]

1. d4 Nf6 2. Nf3 e6 3. c4 d5 4. Nc3 Bd6 5. Bg5 c6 
6. e3 Nbd7 7. Bd3 h6 8. Bh4 b6 9. O-O Bb7 10. cxd5 cxd5 
11. Qe2 O-O 12. Rac1 a6 13. Bg3 Bxg3 14. hxg3 Qe7 15. a3 Ng4 
16. Qd2 Rfd8 17. Ne2 Qd6 18. Qb4 Qxb4 19. axb4 Rdc8 20. Nd2 Kf8 
21. Rxc8+ Rxc8 22. Ra1 Ra8 23. Nc3 Ke7 24. Kf1 f5 25. Ke2 g5 
26. Rh1 Rh8 27. Nf3 Rf8 28. Ra1 Ra8 29. Nd2 Ngf6 30. Rh1 Rh8 
31. Nf3 g4 32. Nd2 h5 33. Ra1 Ra8 34. f3 Kd6 35. Nb3 Ke7 
36. Kf2 Kd6 37. Nc1 Nb8 38. Bc2 Nc6 39. Nd3 Rh8 40. Rh1 Bc8 
41. Ba4 b5 42. Bc2 Nd7 43. Ne2 e5 44. dxe5+ Ndxe5 45. Nxe5 Kxe5 
46. Nf4 Rh6 47. Nd3+ Kd6 48. Bb3 d4 49. Rd1 gxf3 50. gxf3 h4 
51. gxh4 dxe3+ 52. Kxe3 Rxh4 53. Nf4+ Kc7 54. Rc1 Kd6 55. Bd5 Nxb4 
56. Bb3 Bd7 57. Rd1+ Kc7 58. Rd4 a5 59. Rd2 Rh1 60. Rg2 Re1+ 
61. Kd2 Re5 62. Rg7 Kd6 63. Rg6+ Kc5 64. Rg7 Bc6 65. Ne6+ Kb6 
66. Nd4 a4 67. Bg8 Bd5 68. Bh7 Nc6 69. Nxf5 Bxf3 70. Ne3 Re6 
71. Rg3 Rd6+ 72. Kc1 Bh5 73. Rg5 Bf7 74. Bg8 Bg6 75. Nd5+ Ka5 
76. Nc3 Nd4 77. Bd5 Ka6 78. Rg4 Nf5 79. Be4 Ne7 80. Bxg6 Nxg6 
81. Nxa4 bxa4 82. Rxa4+ Kb5 83. Re4 Rd5 84. Re8 Ne5 85. Kc2 Nd7 
86. Rh8 Rg5 87. b3 Nb6 88. Kd3 Rg4 89. Rh7 Nd5 90. Rh8 Kc5 
91. Rc8+ Kd6 92. Rd8+ Kc6 93. Rc8+ Kb5 94. Rh8 Rb4 95. Rb8+ Nb6 
96. Rh8 Rxb3+ 97. Kd4 Rb4+ 98. Ke5 Rb2 99. Rh7 Nc4+ 100. Kd5 Rd2+ 
101. Ke4 Kb4 102. Rh8 Kc3 103. Rh3+ Kb4 104. Rh8 Rd1 105. Rh7 Re1+ 
1/2-1/2

[Event "Skakligaen 2023-24"]
[Site "Denmark"]
[Date "2024.01.27"]
[Round "5.3"]
[Board "3"]
[White "Kanov, Nikola Krasimirov"]
[Black "Jepson, Christian"]
[Result "1/2-1/2"]
[WhiteElo "2379"]
[BlackElo "2388"]
[PlyCount "125"]
[WhiteTeam "Fredericia"]
[BlackTeam "Nordkalotten"]
[EventDate "2023.10.28"]
[EventType "team-tourn"]
[EventRounds "9"]
[EventCountry "DEN"]
[SourceTitle "Live v. Kasper Jerwiarz"]
[Table "3"]

1. e4 c5 2. Nf3 d6 3. d4 cxd4 4. Nxd4 Nf6 5. Nc3 g6 
6. Be3 Bg7 7. f3 O-O 8. Qd2 Nc6 9. O-O-O d5 10. exd5 Nxd5 
11. Nxc6 bxc6 12. Bd4 e5 13. Bc5 Re8 14. Nxd5 cxd5 15. Qxd5 Qxd5 
16. Rxd5 Be6 17. Rd3 Bxa2 18. Ra3 Bd5 19. c4 Bb7 20. b4 e4 
21. f4 Rec8 22. Ra5 a6 23. Kc2 e3 24. Bd3 Re8 25. Re1 Bxg2 
26. Rxe3 Bh6 27. Rxe8+ Rxe8 28. Bd6 Bb7 29. c5 Ra8 30. Kb3 Bf8 
31. Be5 Be7 32. Bc4 Kf8 33. Bc7 h5 34. Ra2 h4 35. f5 gxf5 
36. Rf2 Be4 37. Ka4 Bg5 38. Ka5 Be3 39. Re2 Bd4 40. Kb6 Bc3 
41. Bd6+ Kg8 42. Rxe4 fxe4 43. c6 Rd8 44. Bc5 Rb8+ 45. Ka7 Bxb4 
46. Bxb4 Rxb4 47. Bxa6 Rb2 48. c7 Rc2 49. c8=Q+ Rxc8 50. Bxc8 Kg7 
51. Kb6 Kf6 52. Kc5 e3 53. Ba6 Ke5 54. Be2 Ke4 55. Kc4 f5 
56. Kc3 f4 57. Kc2 f3 58. Ba6 Kf4 59. Kd1 Ke4 60. Bb7+ Kf4 
61. Ba6 Ke4 62. Bb7+ Kf4 63. Ba6 1/2-1/2

[Event "Skakligaen 2023-24"]
[Site "Denmark"]
[Date "2024.01.27"]
[Round "5.4"]
[Board "4"]
[White "Sylvan, Jacob"]
[Black "Light, Bjarne"]
[Result "1/2-1/2"]
[WhiteElo "2321"]
[BlackElo "2222"]
[PlyCount "47"]
[WhiteTeam "Nordkalotten"]
[BlackTeam "Fredericia"]
[EventDate "2023.10.28"]
[EventType "team-tourn"]
[EventRounds "9"]
[EventCountry "DEN"]
[SourceTitle "Live v. Kasper Jerwiarz"]
[Table "4"]

1. e4 c5 2. Nf3 Nc6 3. Bb5 g6 4. O-O Bg7 5. c3 Nf6 
6. Re1 O-O 7. h3 a6 8. Bf1 d6 9. d4 e5 10. Na3 b5 
11. Nc2 Bb7 12. d5 Na5 13. Nd2 Bc8 14. b4 Nb7 15. a4 Bd7 
16. axb5 axb5 17. Rxa8 Qxa8 18. c4 Qa4 19. Re3 cxb4 20. Rb3 bxc4 
21. Rxb4 Qa7 22. Bxc4 Rc8 23. Na3 Nc5 24. Qe2 1/2-1/2

[Event "Skakligaen 2023-24"]
[Site "Denmark"]
[Date "2024.01.27"]
[Round "5.5"]
[Board "5"]
[White "Schwarz, Frank"]
[Black "Schmidt, Kristen"]
[Result "1-0"]
[WhiteElo "2215"]
[BlackElo "2263"]
[PlyCount "77"]
[WhiteTeam "Fredericia"]
[BlackTeam "Nordkalotten"]
[EventDate "2023.10.28"]
[EventType "team-tourn"]
[EventRounds "9"]
[EventCountry "DEN"]
[SourceTitle "Live v. Kasper Jerwiarz"]
[Table "5"]

1. e4 c5 2. Nc3 Nc6 3. g3 g6 4. Bg2 Bg7 5. Nge2 d6 
6. O-O Nf6 7. d3 O-O 8. h3 Rb8 9. a4 a6 10. f4 Bd7 
11. g4 b5 12. axb5 axb5 13. Ng3 b4 14. Nce2 Qb6 15. Be3 Ne8 
16. e5 dxe5 17. Ne4 Nd4 18. f5 Nf6 19. N2g3 Bc6 20. Nxf6+ exf6 
21. Bxc6 Qxc6 22. c3 bxc3 23. bxc3 Nb5 24. Qa4 Qd5 25. Qc4 Rfd8 
26. Qxc5 Qxd3 27. Rad1 Qxc3 28. Ne4 Qxc5 29. Rxd8+ Rxd8 30. Bxc5 gxf5 
31. Rxf5 Nd4 32. Rf2 Rd7 33. Nxf6+ Bxf6 34. Rxf6 Ne2+ 35. Kh2 Rd3 
36. Rd6 Rc3 37. Bb4 Rb3 38. Bd2 Kg7 39. Bh6+ 1-0

[Event "Skakligaen 2023-24"]
[Site "Denmark"]
[Date "2024.01.27"]
[Round "5.6"]
[Board "6"]
[White "Kristensen, Kaare Hove"]
[Black "Moeller, Dustin"]
[Result "1/2-1/2"]
[WhiteElo "2303"]
[BlackElo "2200"]
[PlyCount "48"]
[WhiteTeam "Nordkalotten"]
[BlackTeam "Fredericia"]
[EventDate "2023.10.28"]
[EventType "team-tourn"]
[EventRounds "9"]
[EventCountry "DEN"]
[SourceTitle "Live v. Kasper Jerwiarz"]
[Table "6"]

1. Nf3 d5 2. e3 Nf6 3. c4 e6 4. d4 Be7 5. Nc3 O-O 
6. Qc2 Nbd7 7. b3 c5 8. cxd5 exd5 9. dxc5 Nxc5 10. Be2 Nfe4 
11. O-O Nxc3 12. Qxc3 Ne4 13. Qb2 Qd6 14. Bd2 Bf6 15. Nd4 Be5 
16. g3 Bh3 17. Rfd1 h5 18. Bxh5 Rae8 19. Be1 Qh6 20. Qe2 g6 
21. Bg4 Bxg4 22. Qxg4 f5 23. Qh4 Qg7 24. Rac1 g5 1/2-1/2

[Event "Skakligaen 2023-24"]
[Site "Denmark"]
[Date "2024.01.27"]
[Round "5.7"]
[Board "7"]
[White "Pedersen, Daniel Vesterbaek"]
[Black "Jakobsen, Peter"]
[Result "0-1"]
[WhiteElo "2206"]
[BlackElo "2173"]
[PlyCount "68"]
[WhiteTeam "Fredericia"]
[BlackTeam "Nordkalotten"]
[EventDate "2023.10.28"]
[EventType "team-tourn"]
[EventRounds "9"]
[EventCountry "DEN"]
[SourceTitle "Live v. Kasper Jerwiarz"]
[Table "7"]

1. e4 c5 2. Nf3 d6 3. d4 cxd4 4. Nxd4 Nf6 5. Nc3 a6 
6. Be2 e6 7. Be3 Be7 8. f4 Nc6 9. g4 O-O 10. g5 Nd7 
11. h4 Nxd4 12. Bxd4 b5 13. Bf3 Bb7 14. a3 Re8 15. Qe2 Qa5 
16. O-O Bf8 17. Qf2 Qc7 18. Bg2 e5 19. Be3 exf4 20. Bxf4 Ne5 
21. Rad1 Rad8 22. Nd5 Bxd5 23. Rxd5 g6 24. c3 Bg7 25. Rfd1 Nc4 
26. R1d3 Be5 27. h5 Bxf4 28. Qxf4 Nxb2 29. Rh3 Nc4 30. h6 Qe7 
31. Rhd3 Rf8 32. Rf3 Nxa3 33. e5 dxe5 34. Rxe5 Qd6 0-1

[Event "Skakligaen 2023-24"]
[Site "Denmark"]
[Date "2024.01.27"]
[Round "5.8"]
[Board "8"]
[White "Ejsing, Esben"]
[Black "Easwaralingam, Adesh"]
[Result "0-1"]
[WhiteElo "2074"]
[BlackElo "2163"]
[PlyCount "92"]
[WhiteTeam "Nordkalotten"]
[BlackTeam "Fredericia"]
[EventDate "2023.10.28"]
[EventType "team-tourn"]
[EventRounds "9"]
[EventCountry "DEN"]
[SourceTitle "Live v. Kasper Jerwiarz"]
[Table "8"]

1. d4 Nf6 2. Nf3 d5 3. g3 e6 4. Bg2 Be7 5. O-O O-O 
6. c4 dxc4 7. Qc2 a6 8. a4 Bd7 9. a5 Bc6 10. Na3 Be4 
11. Qxc4 b5 12. axb6 cxb6 13. Qb3 Nc6 14. e3 b5 15. Bd2 Bd5 
16. Qd3 Qb6 17. Rfc1 Rfd8 18. Qf1 Ne4 19. Qe1 Nxd2 20. Nxd2 Bxg2 
21. Kxg2 e5 22. Nb3 Bb4 23. Qe2 exd4 24. Nxd4 Nxd4 25. exd4 Qxd4 
26. Rd1 Qf6 27. Qe4 Qe7 28. Qf3 Rac8 29. Rd5 Rxd5 30. Qxd5 Qc5 
31. Qb7 Qc6+ 32. Qxc6 Rxc6 33. Rd1 g6 34. Rd8+ Kg7 35. Ra8 Kf6 
36. g4 Kg5 37. h3 h5 38. gxh5 Kxh5 39. Ra7 Rf6 40. Rc7 Ba5 
41. Rd7 Bb6 42. f3 Re6 43. Kg3 Re2 44. Nb1 Bf2+ 45. Kf4 Bg1 
46. Nc3 Bh2# 0-1

[Event "Skakligaen 2023-24"]
[Site "Denmark"]
[Date "2024.01.28"]
[Round "6.1"]
[Board "1"]
[White "Thybo, Jesper Sondergaard"]
[Black "Chatalbashev, Boris"]
[Result "1/2-1/2"]
[WhiteElo "2533"]
[BlackElo "2457"]
[PlyCount "23"]
[WhiteTeam "Hillerod"]
[BlackTeam "Fredericia"]
[EventDate "2023.10.28"]
[EventType "team-tourn"]
[EventRounds "9"]
[EventCountry "DEN"]
[SourceTitle "Live v. Kasper Jerwiarz"]
[Table "1"]

1. Nf3 d5 2. d4 Nc6 3. Bf4 Bg4 4. e3 e6 5. c4 Bd6 
6. Bg3 Nf6 7. Nc3 O-O 8. cxd5 Nxd5 9. Be2 Nce7 10. O-O Bxg3 
11. hxg3 c5 12. Nxd5 1/2-1/2

[Event "Skakligaen 2023-24"]
[Site "Denmark"]
[Date "2024.01.28"]
[Round "6.2"]
[Board "2"]
[White "Fries Nielsen, Jens Ove"]
[Black "Hansen, Sune Berg"]
[Result "1/2-1/2"]
[WhiteElo "2375"]
[BlackElo "2511"]
[PlyCount "73"]
[WhiteTeam "Fredericia"]
[BlackTeam "Hillerod"]
[EventDate "2023.10.28"]
[EventType "team-tourn"]
[EventRounds "9"]
[EventCountry "DEN"]
[SourceTitle "Live v. Kasper Jerwiarz"]
[Table "2"]

1. d4 d5 2. Nc3 c5 3. e3 Nf6 4. Nge2 Nc6 5. h3 h5 
6. g3 Bf5 7. a3 e6 8. Bg2 Qd7 9. b3 Rc8 10. Bb2 cxd4 
11. exd4 Bd6 12. Qd2 a6 13. O-O Ne7 14. Rac1 b5 15. Rfe1 O-O 
16. Nf4 Ng6 17. Nd3 Bxd3 18. Qxd3 h4 19. Ne2 Qc7 20. Rf1 Rfe8 
21. a4 e5 22. dxe5 Bxe5 23. Bd4 bxa4 24. bxa4 Qc4 25. Bxe5 Rxe5 
26. Nd4 hxg3 27. fxg3 Qxd3 28. cxd3 Rxc1 29. Rxc1 Re3 30. Nf5 Rxd3 
31. Rc6 Rd1+ 32. Kf2 Rd2+ 33. Kg1 Rd1+ 34. Kf2 Rd2+ 35. Kg1 Rd1+ 
36. Kf2 Rd2+ 37. Kf1 1/2-1/2

[Event "Skakligaen 2023-24"]
[Site "Denmark"]
[Date "2024.01.28"]
[Round "6.3"]
[Board "3"]
[White "Schandorff, Lars"]
[Black "Kanov, Nikola Krasimirov"]
[Result "1-0"]
[WhiteElo "2466"]
[BlackElo "2379"]
[PlyCount "89"]
[WhiteTeam "Hillerod"]
[BlackTeam "Fredericia"]
[EventDate "2023.10.28"]
[EventType "team-tourn"]
[EventRounds "9"]
[EventCountry "DEN"]
[SourceTitle "Live v. Kasper Jerwiarz"]
[Table "3"]

1. Nf3 c5 2. c4 Nc6 3. Nc3 g6 4. e3 Nf6 5. d4 cxd4 
6. exd4 d5 7. cxd5 Nxd5 8. Qb3 Nxc3 9. Bc4 Nd5 10. Bxd5 e6 
11. Bxc6+ bxc6 12. O-O Qd5 13. Be3 f6 14. Rfc1 Bd6 15. Nd2 O-O 
16. Qc2 Rb8 17. Ne4 Be7 18. b3 f5 19. Bg5 Bxg5 20. Nxg5 Qxd4 
21. Qxc6 Bd7 22. Qa6 Qf6 23. Qxa7 Rbd8 24. Rd1 Qxg5 25. Rxd7 Qf6 
26. Rad1 Ra8 27. Qe3 Rxa2 28. Qh6 Rf7 29. Rxf7 Kxf7 30. Qxh7+ Kf8 
31. Qh6+ Kg8 32. h4 Ra1 33. Rxa1 Qxa1+ 34. Kh2 Qe5+ 35. g3 Qb2 
36. Qxg6+ Kf8 37. Qh6+ Kf7 38. Qe3 Qb1 39. Qa7+ Kg6 40. Qb6 Qe4 
41. Qe3 Qd5 42. b4 Kf6 43. Qc5 Qe4 44. b5 e5 45. Qc6+ 1-0

[Event "Skakligaen 2023-24"]
[Site "Denmark"]
[Date "2024.01.28"]
[Round "6.4"]
[Board "4"]
[White "Schwarz, Frank"]
[Black "Storme, Isak"]
[Result "0-1"]
[WhiteElo "2215"]
[BlackElo "2443"]
[PlyCount "80"]
[WhiteTeam "Fredericia"]
[BlackTeam "Hillerod"]
[EventDate "2023.10.28"]
[EventType "team-tourn"]
[EventRounds "9"]
[EventCountry "DEN"]
[SourceTitle "Live v. Kasper Jerwiarz"]
[Table "4"]

1. e4 c5 2. Nc3 Nc6 3. Bb5 Nd4 4. Nf3 Nxb5 5. Nxb5 Nf6 
6. e5 Nd5 7. O-O a6 8. Nc3 Nxc3 9. dxc3 e6 10. Ng5 d5 
11. exd6 Bxd6 12. Be3 O-O 13. Qh5 h6 14. Ne4 f5 15. Nxd6 Qxd6 
16. Bxh6 e5 17. Bg5 b6 18. Rad1 Qe6 19. Qf3 e4 20. Qh5 f4 
21. Rfe1 Bb7 22. c4 Rae8 23. Rd2 Qf5 24. h4 e3 25. Rde2 Bxg2 
26. Kxg2 f3+ 27. Kh2 fxe2 28. f4 Qxc2 29. Qxe2 Qe4 30. Kg3 Rf7 
31. Rd1 b5 32. b3 bxc4 33. bxc4 Rb7 34. h5 Rb1 35. Rxb1 Qxb1 
36. Kg2 Qe4+ 37. Kg3 Re6 38. a4 Rd6 39. Qf3 Rd4 40. Qe2 Kh7 
0-1